<?xml version="1.0" encoding="UTF-8"?><?xml-stylesheet type="text/xsl" href="static/style.xsl"?><OAI-PMH xmlns="http://www.openarchives.org/OAI/2.0/" xmlns:xsi="http://www.w3.org/2001/XMLSchema-instance" xsi:schemaLocation="http://www.openarchives.org/OAI/2.0/ http://www.openarchives.org/OAI/2.0/OAI-PMH.xsd"><responseDate>2026-04-27T19:56:30Z</responseDate><request verb="GetRecord" identifier="oai:uvadoc.uva.es:10324/6676" metadataPrefix="marc">https://uvadoc.uva.es/oai/request</request><GetRecord><record><header><identifier>oai:uvadoc.uva.es:10324/6676</identifier><datestamp>2021-09-10T08:06:06Z</datestamp><setSpec>com_10324_38</setSpec><setSpec>col_10324_852</setSpec></header><metadata><record xmlns="http://www.loc.gov/MARC21/slim" xmlns:doc="http://www.lyncode.com/xoai" xmlns:xsi="http://www.w3.org/2001/XMLSchema-instance" xmlns:dcterms="http://purl.org/dc/terms/" xsi:schemaLocation="http://www.loc.gov/MARC21/slim http://www.loc.gov/standards/marcxml/schema/MARC21slim.xsd">
<leader>00925njm 22002777a 4500</leader>
<datafield tag="042" ind1=" " ind2=" ">
<subfield code="a">dc</subfield>
</datafield>
<datafield tag="720" ind1=" " ind2=" ">
<subfield code="a">Peñalosa Blázquez, Cristina</subfield>
<subfield code="e">author</subfield>
</datafield>
<datafield tag="260" ind1=" " ind2=" ">
<subfield code="c">2014</subfield>
</datafield>
<datafield tag="520" ind1=" " ind2=" ">
<subfield code="a">Como maestra de infantil especialista en inglés, uno de los retos más importantes es la mejora de las estrategias de lectura de sus estudiantes dentro de una perspectiva plurilingüe. Dicho trabajo ha sido realizado durante el periodo de prácticas en un colegio bilingüe, que sigue los parámetros del Currículum Integrado Hispano-Británico- popularmente conocido como programa British Council, y si además se conecta con el Plan de Lectura de la escuela el reto es aún más complicado. Por lo tanto hemos restringido la investigación a las acciones llevadas a cabo en el aula, profundizando en la zona de lectura con el objetivo de ampliar el plan de lectura en los dos idiomas. Este programa ha sido incrementado con estrategias interactivas de lectura para comunicarse con los demás, tomando consciencia de la importancia del paralenguaje. Los objetivos fundamentales de esta investigación son que los niños consigan desarrollar una lectura significativa y un placer por la lectura.</subfield>
</datafield>
<datafield tag="024" ind2=" " ind1="8">
<subfield code="a">http://uvadoc.uva.es/handle/10324/6676</subfield>
</datafield>
<datafield ind1=" " ind2=" " tag="653">
<subfield code="a">Animación a la lectura - Programas</subfield>
</datafield>
<datafield ind1=" " ind2=" " tag="653">
<subfield code="a">Lenguaje y lenguas</subfield>
</datafield>
<datafield ind1=" " ind2=" " tag="653">
<subfield code="a">Enseñanza bilingüe</subfield>
</datafield>
<datafield tag="245" ind1="0" ind2="0">
<subfield code="a">Using Interactive Reading Strategies. Some steps to improve a CLIL school Reading Plan. Uso de estrategias interactivas de lectura. Pasos para mejorar el plan de lectura en un centro CLIL</subfield>
</datafield>
</record></metadata></record></GetRecord></OAI-PMH>